Czystki i terror na Ukrainie (1934-1938)

Titel: Czystki i terror na Ukrainie (1934-1938) / Robert Kuśnierz
Verfasser:
Veröffentlicht: Toruń : Wydawnictwo Adam Marszałek, 2016
Umfang: 373 Seiten : Illustrationen ; 23 cm
Format: Buch
Sprache: Polnisch
RVK-Notation:
Schlagworte:
ISBN: 8380194128 ; 9788380194120
Buchumschlag
X
alg: 39976241
001A    $03004:17-02-17 
001B    $01999:09-05-25 $t19:08:04.000 
001C    $00026:16-03-17 $t17:21:58.000 
001D    $00026:09-03-17 
001U    $0utf8 
001X    $00 
002@    $0Aau 
002C    $aText $btxt $2rdacontent 
002D    $aohne Hilfsmittel zu benutzen $bn $2rdamedia 
002E    $aBand $bnc $2rdacarrier 
003@    $0399762418 
004A    $083-8019-412-8 
004A    $A978-83-8019-412-0 
006C    $0966318974 $aOCoLC 
007A    $0BV044040984 $aBVB 
009P    $qapplication/pdf $A2 $3Inhaltsverzeichnis $uhttp://scans.hebis.de/HEBCGI/show.pl?39976241_toc.pdf $mV:DE-603;B:DE-26 
010@    $apol 
010E    $erda 
011@    $a2016 $n2016 
021A    $aCzystki i terror na Ukrainie (1934-1938) $hRobert Kuśnierz 
028A    $BVerfasser $4aut $71125408626 $8Kuśnierz, Robert$Z1977- [Tp3] $9399617442 
033A    $pToruń $nWydawnictwo Adam Marszałek 
034D    $a373 Seiten 
034I    $a23 cm 
034M    $aIllustrationen 
037A    $aQuellen- und Literaturverzeichnis: Seite 321-343 
044K    $RUkrainische SSR $#Ukraine $#Ukraine $#Ukraine $#Украïна $#Ukrainische SSR $#Ukrajina $#Ukraina $#Ukraïna Ukraine $#Ukraina Ukraine $#Ukrajna $74061496-7 $8Ukraine [Tg1] $9085170801 
044K    $RKommunismus $REntstalinisierung $#Stalinisme $#Stalinismus $#Stalinismus $74056883-0 $8Stalinismus [Ts1] $9085158437 
044K    $#Political purges $#Purges politiques $#Purgas políticas $#politische Verfolgung $#Säuberungen $#Politische Säuberung $#Lustration Politik $74178894-1 $8Säuberung [Ts1] $9085849359 
045A    $aDK508.833 
045R    $aGeschichte 1934-1938 
045Z    $8NQ 5071 [Tkv] $9410915068 

lok: 39976241 24

exp: 39976241 24 1 #EPN
201B/01 $007-04-17 $t15:08:41.000 
201C/01 $017-02-17 
201U/01 $0utf8 
203@/01 $0801554195 
208@/01 $a07-04-17 $bz 
209A/01 $a17.01493 $du $f050 $h17 01493 $x00 
209C/01 $a17.01493 K $h17 01493 K 
209G/01 $a73799147 $x00 
220C/01 $aho-sz 
247C/01 $8358050-7 Marburg, Bibliothek des Herder-Instituts Marburg $9102600961 

lok: 39976241 204

exp: 39976241 204 1 #EPN
201B/01 $015-05-17 $t13:25:38.000 
201C/01 $028-02-17 
201U/01 $0utf8 
203@/01 $0801870593 
208@/01 $a15-05-17 $bzUB 
209A/01 $a000 NQ 5071 K97 C999 $du $f000 $x00 
209G/01 $a62077638 $x00 
245S/01 $a10200 $x01 
247C/01 $8631000-x <26>Gießen, Universität Gießen, Universitätsbibliothek Gießen $9102596697
LEADER 00000cam a2200000 c 4500
001 399762418
003 DE-603
005 20250509190804.0
007 tu
008 170217s2016 xx |||| | u00||u|pol c
020 |a 8380194128 
020 |a 9788380194120 
035 |a (DE-599)BVBBV044040984 
040 |a DE-603  |b ger  |c DE-603  |d DE-603  |e rda 
041 |a pol 
050 0 |a DK508.833 
084 |a NQ 5071  |0 (DE-625)128535:  |0 (DE-603)410915068  |2 rvk 
100 1 |a Kuśnierz, Robert  |d 1977-  |e Verfasser  |4 aut  |0 (DE-603)399617442  |0 (DE-588)1125408626  |2 gnd 
245 0 0 |a Czystki i terror na Ukrainie (1934-1938)  |c Robert Kuśnierz 
264 1 |a Toruń  |b Wydawnictwo Adam Marszałek  |c 2016 
300 |a 373 Seiten  |b Illustrationen  |c 23 cm 
336 |a Text  |b txt  |2 rdacontent 
337 |a ohne Hilfsmittel zu benutzen  |b n  |2 rdamedia 
338 |a Band  |b nc  |2 rdacarrier 
500 |a Quellen- und Literaturverzeichnis: Seite 321-343 
648 7 |a Geschichte 1934-1938  |2 gnd 
650 7 |a Stalinismus  |0 (DE-588)4056883-0  |0 (DE-603)085158437  |2 gnd 
650 7 |a Säuberung  |0 (DE-588)4178894-1  |0 (DE-603)085849359  |2 gnd 
651 7 |a Ukraine  |0 (DE-588)4061496-7  |0 (DE-603)085170801  |2 gnd 
856 4 2 |m V:DE-603;B:DE-26  |q application/pdf  |u http://scans.hebis.de/HEBCGI/show.pl?39976241_toc.pdf  |3 Inhaltsverzeichnis 
924 0 |9 Mb 50  |a (DE-603)801554195  |b DE-Mb50  |c HES  |d c  |g 17.01493 
924 0 |9 26  |a (DE-603)801870593  |b DE-26  |c HES  |d c  |g 000 NQ 5071 K97 C999